000 00915nam a2200289Ia 4500
001 Z_670
003 CHAP
008 220113s1979 xx 000 0 und d
010 _a163519
040 _cCHAP
090 _aTesis T 122
100 _aTello Reus, Roberto
_9112107
245 _aAnálisis técnico y económico de 14 unidades lecheras ejidales de la Comarca Lagunera /
_cRoberto Tello Reus
260 _aChapingo, Méx. :
_bEl autor,
_c1979
300 _a288 h. ; apénd. ; gráfs.
502 _aTesis (Ing. Agrónomo Esp. en Zootecnia) -- ENA. Departamento de Zootecnia
650 _aComarca lagunera
_xGanado lechero
_925532
650 _aGanadería cooperativa
_xComarca Lagunera
_944874
650 _aGanado lechero
_945237
650 7 _aIndustria lechera
_zComarca Lagunera
_2
_957829
901 _aTESIS T 122
902 _aM
910 _a1979
942 _c2
942 _c2
999 _c163519
_d163519